[Event "warm up to 2000 II"]
[Site "SchemingMind.com"]
[Date "2006.11.06"]
[Round "-"]
[White "BogusAurelius"]
[Black "Danzino"]
[Result "1/2-1/2"]
[WhiteCountry "USA"]
[BlackCountry "GBR"]
[WhiteElo "1928"]
[WhiteRD "74"]
[BlackElo "1959"]
[BlackRD "88"]
[GameID "75381"]

1. e4 c5 2. Nf3 d6 3. d4 cxd4 4. Nxd4 Nf6 5. Nc3 a6 6. Bc4 e6 7. Bb3 b5 8. O-O Be7 9. Qf3 Qc7 10. Qg3 Nc6
11. Nxc6 Qxc6 12. Re1 Bb7 13. a3 Rd8 14. f3 O-O 15. Bh6 Ne8 16. Kh1 Kh8 17. Bg5 Bxg5 18. Qxg5 Nf6 19. Rad1 Rd7 20. Rd3 Rfd8
21. Ne2 Qc5 22. Qh4 Qe5 23. Nd4 g5 24. Qf2 Qc5 25. Qd2 Rg8 26. c3 Rg6 27. Qe3 h6 28. Bc2 Rd8 29. Nf5 Qxe3 30. Nxe3 Ne8
31. a4 Kg8 32. Rd4 Kf8 33. e5 Rg8 34. Red1 Ke7 35. axb5 axb5 36. Bd3 Bc6 37. Ng4 h5 38. Nf6 Nxf6 39. exf6+ Kxf6 40. Bh7 Rh8
41. Rxd6 Rxd6 42. Rxd6 Bxf3 43. gxf3 Rxh7 44. Rb6 g4 45. Kg2 Kf5 46. Rxb5+ e5 47. Rc5 Ke6 48. h3 gxf3+ 49. Kxf3=
1/2-1/2

[Event "warm up to 2000 II"]
[Site "SchemingMind.com"]
[Date "2006.11.09"]
[Round "-"]
[White "thereporter"]
[Black "Danzino"]
[Result "0-1"]
[WhiteCountry "AUS"]
[BlackCountry "GBR"]
[WhiteElo "1750"]
[WhiteRD "83"]
[BlackElo "1959"]
[BlackRD "88"]
[GameID "75382"]

1. d4 Nf6 2. Nf3 g6 3. Nbd2 Bg7 4. e4 d6 5. Bd3 O-O 6. c3 b6 7. O-O Bb7 8. Re1 Nbd7 9. a4 a6 10. Nf1 c5
11. Ng3 Qc7 12. d5 e6 13. Ng5 exd5 14. exd5 Bxd5 15. c4 Bc6 16. Bf4 Ne5 17. h4 Rad8 18. h5 h6 19. N5e4 Nxe4 20. Bxe5 dxe5
21. Qg4 Nf6 22. Qh3 Bd7 23. Qh1 g5 24. Bf5 Ne8 25. Rad1 Nd6 26. Bxd7 Qxd7 27. b3 Qe6 28. Qh2 f5 29. Qh3 g4 30. Qh2 f4
31. Ne2 Ne4 32. Rd5 Rxd5 33. cxd5 Qxd5
0-1